000 00698nam a2200217Ii 4500
003 JO-AjNU
008 230605s9999||||xx |||||||||||||| ||und||
017 _a2008/5910
040 _aJO-AjNU
_bara
_erda
_cJO-AjNU
041 _aara
050 1 4 _aBP75.2.K5388.2008
100 3 _aالخضري،محم ؛ تعليق الطوخي، محمد خليل,
_eauthor
_949262
245 0 0 _aنور اليقين في سيرة سيد المرسلين
250 _aط1
264 3 1 _aالقاهرة:مكتبة الرحاب ، 2008
300 _a208ص
336 _atext
_btxt
_2rdacontent
337 _aunmediated
_bn
_2rdamedia
338 _avolume
_bnc
_2rdacarrier
650 4 _aسيرة نبوية
_949263
999 _aA21626
_c25194
_d25194